Návrh opatrení na zefektívnenie metódy 5S v podniku NEWAYS SLOVAKIA, a.s.
Salvato in:
| Autore principale: | |
|---|---|
| Altri autori: | |
| Natura: | Manoscritto Libro |
| Lingua: | slovacco |
| Pubblicazione: |
2017
|
| Soggetti: | |
| Accesso online: | http://is.stuba.sk/zp/portal_zp.pl?podrobnosti=121371 |
| Tags: |
Nessun Tag, puoi essere il primo ad aggiungerne!!
|
MARC
| LEADER | 00000ntm a22000003a 4500 | ||
|---|---|---|---|
| 001 | stuzp62110 | ||
| 003 | SK-STU | ||
| 005 | 20170624211332.6 | ||
| 007 | ta | ||
| 008 | 150427s2015----xo-----f-mn---000-0-slo-d | ||
| 040 | |a STU |b slo | ||
| 041 | 0 | |a slo | |
| 100 | 1 | |a Tomášik, Adrián |u 064000 |4 aut |U MTF Materiálovotechnologická fakulta |T MTF Ústav priemyselného inžinierstva a manažmentu |X 77456 |U M4000 |Y 84 |7 77456 | |
| 242 | 0 | 1 | |a Proposal for measures to streamline the 5S method in enterprise NEWAYS Slovakia, a.s. |y eng |
| 245 | 1 | 0 | |a Návrh opatrení na zefektívnenie metódy 5S v podniku NEWAYS SLOVAKIA, a.s. |
| 260 | |c 2017 | ||
| 650 | 4 | |a metóda 5S |2 slo | |
| 650 | 4 | |a štíhla výroba |2 slo | |
| 650 | 4 | |a implementácia |2 slo | |
| 650 | 4 | |a lean production |2 eng | |
| 650 | 4 | |a implementation |2 eng | |
| 650 | 4 | |a 5S method |2 eng | |
| 700 | 1 | |a Mĺkva, Miroslava |u 064000 |k Z1 |4 ths |U MTF Materiálovotechnologická fakulta |T MTF Ústav priemyselného inžinierstva a manažmentu |X 4176 |U M4000 |Y 84 |7 A000004176 | |
| 856 | 4 | |u http://is.stuba.sk/zp/portal_zp.pl?podrobnosti=121371 | |
| 996 | |c M* BP-7991 |l MMSKP |s P |a 0 |w stuzp62110_0001 | ||